Realizácia miezd a ovplyvňujúce činitele ich úrovne v podnikateľských organizáciách.
Legislatívne predpoklady na uplatňovanie miezd. Mzdové systémy a úroveň miezd. Projekt ISCP - Informačný systém o cene práce. Dynamika vývoja miezd v nadväznosti na inflačné prejavy a ekonomickú prosperitu podnikateľských subjektov. Zámery ďalšieho orientovania realizácie miezd a kolektívneho vyjedn...
Saved in:
| Main Author: | |
|---|---|
| Format: | Book Chapter |
| Language: | Slovak |
| Subjects: | |
| Tags: |
No Tags, Be the first to tag this record!
|
MARC
| LEADER | 00000naa a2200000 4500 | ||
|---|---|---|---|
| 001 | r012788 | ||
| 005 | 20221205075804.9 | ||
| 041 | 0 | |a slo | |
| 044 | |a SK | ||
| 245 | 1 | 0 | |a Realizácia miezd a ovplyvňujúce činitele ich úrovne v podnikateľských organizáciách. |c Miroslav Tomaščin |
| 520 | |a Legislatívne predpoklady na uplatňovanie miezd. Mzdové systémy a úroveň miezd. Projekt ISCP - Informačný systém o cene práce. Dynamika vývoja miezd v nadväznosti na inflačné prejavy a ekonomickú prosperitu podnikateľských subjektov. Zámery ďalšieho orientovania realizácie miezd a kolektívneho vyjednávania. | ||
| 610 | 2 | 0 | |a mzdy |
| 610 | 2 | 0 | |a predpisy právne |
| 610 | 2 | 0 | |a sústava mzdová |
| 610 | 2 | 0 | |a podnikanie |
| 610 | 2 | 0 | |a organizácie |
| 610 | 2 | 0 | |a ISCP |
| 610 | 2 | 0 | |a systémy informačné |
| 610 | 2 | 0 | |a inflácia |
| 610 | 2 | 0 | |a vyjednávanie kolektívne |
| 610 | 2 | 0 | |a Slovensko |
| 100 | 1 | |a Tomaščín, Miroslav | |